000 00973cam a2200229 4500
001 WB3724-36
008 000000n2001 000 0 eng u
035 _a(Sirsi) u113141
245 _aDigital sea change
260 _c2001
490 _aSurveying World
_v9(4) May/June 2001, 8(1)
520 _aA £600,000 project to produce a computerised map of Britain's 10,000km coastline is to be conducted by the Ordnance Survey, the Hydrographic Office and the British Geological Survey. The project will lead to the creation of the Integrated Coastal Zone Mapping (ICZMap). An initial project, covering an area from Shoreham in West Sussex to Lyme Regis in Dorset, is expected to be completed by April 2003.
590 _aWB
650 _aFLOODING
650 _aCOASTLINES
650 _aORDNANCE SURVEY
650 _aHYDROGRAPHIC OFFICE
650 _aBRITISH GEOLOGICAL SURVEY
650 _aUNITED KINGDOM
690 _aMAPPING AND MEASUREMENT-GIS
942 _n0
999 _c67364
_d67364